| 000 | 00679nam a2200205 i 4500 | ||
|---|---|---|---|
| 001 | 78062 | ||
| 003 | ES-MaACL | ||
| 005 | 20230906173525.0 | ||
| 007 | t| | ||
| 008 | 041011s1934 xxk ||||1| eng d | ||
| 245 | 0 | 4 |
_aThe handbook of Palestine and Trans-Jordan / _cedited by Harry Luke and Edward Keith-Roads ; with introductions by Arthur Wanchope and Herbert Samuel. |
| 250 | _a3rd ed. | ||
| 260 |
_aLondon : _bMacmillan and CÂș Limited, _c1934. |
||
| 300 |
_aXVI, 540 p. ; _c19 cm. |
||
| 700 | 1 |
_aLuke, Harry. _974721 |
|
| 700 | 1 |
_aKeith-Roads, Edward. _967741 |
|
| 700 | 1 |
_aWanchope, Arthur. _9116038 |
|
| 700 | 1 |
_aSamuel, Herbert. _9102215 |
|
| 852 |
_aES-MaACL _jA-3708 |
||
| 999 |
_c78062 _d78062 |
||